|
|
|
|
| LEADER |
01161nam a22002892a 4500 |
| 001 |
000050022 |
| 003 |
CZ BrMZK |
| 005 |
20061214074745.0 |
| 007 |
ta |
| 008 |
010907s1987 xr f cze d |
| 040 |
|
|
|a BOA001
|b cze
|
| 080 |
|
|
|a 591.522(437.163)
|2 MRF
|
| 080 |
|
|
|a 581.52(437.136)
|2 MRF
|
| 100 |
1 |
|
|a Kubát, Karel,
|d 1941-
|7 xx0004322
|4 aut
|
| 245 |
1 |
0 |
|a Dokumentační přírodovědný průzkum lokality Trabice v Českém středohoří /
|c Karel Kubát
|
| 260 |
|
|
|a Litoměřice :
|b Okresní vlastivědné muzeum,
|c 1987
|
| 300 |
|
|
|a 124 s.
|
| 504 |
|
|
|a Obsahuje bibliografie
|
| 580 |
|
|
|a Samostatná příloha časopisu: Severomoravskou přírodou
|
| 787 |
1 |
8 |
|t Severomoravskou přírodou
|
| 910 |
|
|
|a BOA001
|b PK-0105.709
|b 2-0925.351
|
| 964 |
|
|
|a Rostliny - druhy - rozšíření - Trabice
|
| 964 |
|
|
|a Trabice - rostliny - zvířata - druhy - rozšíření
|
| 964 |
|
|
|a Zvířata - druhy - rozšíření - Trabice
|
| 990 |
|
|
|a BK
|
| 996 |
7 |
|
|b 2619334209
|c 2-0925.351
|l MZK
|r Sklad / do 1 hodiny
|n 0
|w 000050022
|u 000020
|a 1
|e BOA001
|j MZK50
|s A
|
| 996 |
7 |
|
|b 3119979576
|c PK-0105.709
|l MZK
|r Sklad / do 1 hodiny
|n 1
|w 000050022
|u 000010
|a 1
|e BOA001
|j MZK50
|s A
|